Daňové oslobodenie pri zamestnaneckých akciách a benefitoch kontraktorov

Zákon č. 309/2023 Z. z. predstavuje novú úpravu týkajúcu sa oslobodenia od dane v súvislosti so zamestnaneckými akciami a podobnými benefitmi poskytnutými kontraktorom. Zvýhodnenie pre zamestnancov. Zvýhodnenie pre „kontraktorov“. Medzinárodné zdanenie príjmov z predaja cenných papierov podľa modelo...

Ausführliche Beschreibung

Gespeichert in:
Bibliographische Detailangaben
1. Verfasser: Brnová, Miroslava
Format: Buchkapitel
Sprache:Slowakisch
Schlagworte:
Tags: Tag hinzufügen
Keine Tags, Fügen Sie das erste Tag hinzu!

MARC

LEADER 00000naa a2200000 4500
001 0312683
005 20251008080453.3
041 0 |a slo 
044 |a SK 
245 1 0 |a Daňové oslobodenie pri zamestnaneckých akciách a benefitoch kontraktorov  |c Miroslava Brnová 
520 |a Zákon č. 309/2023 Z. z. predstavuje novú úpravu týkajúcu sa oslobodenia od dane v súvislosti so zamestnaneckými akciami a podobnými benefitmi poskytnutými kontraktorom. Zvýhodnenie pre zamestnancov. Zvýhodnenie pre „kontraktorov“. Medzinárodné zdanenie príjmov z predaja cenných papierov podľa modelovej zmluvy – zdaňovanie kapitálových ziskov. 
610 2 0 |a oslobodenie od daní 
610 2 0 |a zamestnanci 
610 2 0 |a akcie zamestnanecké 
610 2 0 |a benefity 
610 2 0 |a zákony 
100 1 |a Brnová, Miroslava